000
00303nam a2200133Ia 4500
082
_a
615.53
_b
C 13 G
100
_a
GIRI,RAJNESH V.
245
_a
SYNOPSISON CARAKA SAMHITA
260
_b
CHAUKHAMBHA PUB. NEW DELHI
_c
2012
300
_a
226
650
_a
AYURVEDA
653
_a
SAMHITA
942
_2
ddc
_c
BK
_0
4
999
_c
7731
_d
7731